000 004130000a22001690004500
003 MACL
005 20151229171418.0
008 151229b xxu||||| |||| 00| 0 eng d
040 _aMACL
_cMACL
041 _aEnglish
082 _a200/DAD
100 _aDadson, A J
_924382
245 _aEvolution and Religion
260 _bSwan Sonnenschein & Co
_c1893
650 _aReligion
_924383
942 _cBK
_k200/DAD
_2ddc
999 _c37291
_d37291